000 00396nam a2200181Ia 4500
008 210210b1960 xxu||||| |||| 00| 0 eng d
041 _aeng
082 _a320/542
100 _aSHROFF
245 _aDemocracy in India
260 _a
_bNot Mentioned
_c1960
650 _aIndia
650 _ain
650 _aDemocracy
690 _aPolitical Science
700 _aOthers
906 _a003181
999 _c118518
_d118518